El diseño en la vida contidiana /

En esta obra, el autor nos introduce al diseño contemporáneo y analiza los estilos y los gustos, cómo las diferentes culturas e individuos personalizan sus objetos. Aquí Heskett expone el papel humanizador del diseño ante las nuevas tecnologías.

Gespeichert in:
Bibliographische Detailangaben
1. Verfasser: Heskett, John (autor)
Format: Buch
Sprache:Spanisch
Veröffentlicht: Barcelona, España : Gustavo Gili, 2005, c2005
Schriftenreihe:(GG Diseño)
Schlagworte:
Tags: Tag hinzufügen
Keine Tags, Fügen Sie das erste Tag hinzu!

MARC

LEADER 00000nam^a2200000^a^4500
001 000181709
005 20250521000000.0
009 20260310101942.646
020 |a 84-252-1981-7 
037 |a Acervo ITESO - Biblioteca 
041 |a ESP 
082 |a 745. 2  |b HES 
100 |a Heskett, John  |e (autor) 
245 1 3 |a El diseño en la vida contidiana /  |c J. Heskett ; tr. por Isabel Núñez. 
264 4 |a Barcelona, España :  |b Gustavo Gili,  |c 2005, c2005 
300 |a 214 p. 
336 |a texto  |b txt  |2 rdacontenido 
337 |a sin mediación  |b n  |2 rdamedio 
338 |a volumen  |b nc  |2 rdasoporte 
440 1 |a (GG Diseño) 
500 |a Traducción de: Toothpicks and Logos. Design in Everyday Life 
520 |a En esta obra, el autor nos introduce al diseño contemporáneo y analiza los estilos y los gustos, cómo las diferentes culturas e individuos personalizan sus objetos. Aquí Heskett expone el papel humanizador del diseño ante las nuevas tecnologías. 
649 |a XX 
650 |a Marcas (Mercadotecnia) 
650 |a Logotipos 
650 |a Diseño Gráfico 
650 |a Accesorios y Aparatos Domésticos 
650 |a Diseño Industrial 
650 |a Tecnología y Sociedad 
650 |a Cambios Sociales y Culturales 
650 |a Identidad Cultural 
650 |a Vida Cotidiana 
650 |a Arte 
650 |a Comunicación Visual 
650 |a Estética 
650 |a Diseño y Sociedad 
910 |a Fondo General 
920 |a Impresos - Libros 
930 |a Colección General 
905 |a 101 
901 |a 0500121464  |b IT1  |c ACC  |u 20250521 
902 |a https://opac.biblio.iteso.mx/vufind/Record/000181709